[Event "Poti Aleksandria Cup-B 8th"]
[Site "Poti"]
[Date "2013.07.15"]
[Round "3"]
[White "Khachatryan, Edmond"]
[Black "Feras, Abu Ibeya"]
[Result "1-0"]
[WhiteElo "1817"]
[BlackElo "1973"]
[PlyCount "39"]
[EventDate "2013.07.13"]
[EventType "swiss"]
[EventRounds "9"]
[EventCountry "GEO"]
[SourceTitle "EXT 2014"]
[Source "ChessBase"]
[SourceDate "2013.11.20"]
[SourceVersion "1"]
[SourceVersionDate "2013.11.20"]
[SourceQuality "1"]

1. e4 c5 2. Nf3 d6 3. d4 cxd4 4. Nxd4 Nf6 5. Nc3 g6 6. f4 Bg7 7. e5 dxe5 8. fxe5 Nd5 9. Bb5+ Kf8 10. 0-0 Nc7 11. Qf3 f5 12. exf6 Qxd4+ 13. Be3 Qxf6 14. Qg3 Bf5 15. Qxc7 Nc6 16. Qxb7 Qe6 17. Qxa8+ Kf7 18. Qxc6 Qxe3+ 19. Kh1 Bf6 20. Nd5 1-0